000 00577nam a2200181 i 4500
001 160826
003 ES-MaACL
005 20230906212132.0
008 990609s1870 po |||| | por d
040 _aCCPB | B
_bspa
_cCCPB | B
100 1 _aGiraldes, Gregorio Nunes.
_9127328
245 1 2 _aO Papa-Rei e o concilio /
_cpor Manuel Nunes Giraldes.
260 _aLisboa :
_b[s.n.],
_c1870 (
_fTypographia Universal de Thomaz Quintino Antunes)
300 _a283, [2] p. ;
_c24 cm.
597 _aAntep.
650 4 _aPapas.
_915815
852 _aES-MaACL
_jG-6872
_z-- Enc. tela
999 _c160826
_d160826